[Event "27th Klatovy B 2019"]
[Site "Klatovy CZE"]
[Date "2019.07.05"]
[Round "7.61"]
[White "Veverkova, Dorota"]
[Black "Denk, Lukas"]
[Result "1-0"]
[WhiteElo "1348"]
[BlackElo "1092"]
[PlyCount "99"]
[EventDate "2019.06.29"]
[EventType "swiss"]
[EventRounds "9"]
[EventCountry "CZE"]

1. e4 e5 2. Nf3 Nc6 3. d4 d5 4. Nxe5 Nxe5 5. dxe5 c6 6. exd5 Qxd5 7. Qxd5 cxd5 8. Nc3 Bb4 9. Bb5+ Bd7 10. Bxd7+ Kxd7 11. Bd2 d4 12. Ne4 Bxd2+ 13. Nxd2 Re8 14. f4 Nh6 15. O-O Ng4 16. Nc4 Ne3 17. Nxe3 dxe3 18. Rae1 Rc8 19. c3 f6 20. Rxe3 fxe5 21. fxe5 Ke6 22. a4 Rc4 23. b4 Rhc8 24. Rc1 a5 25. bxa5 Rxa4 26. Rg3 Rf8 27. Re1 Rxa5 28. Rxg7 Rxe5 29. Rxe5+ Kxe5 30. Rxb7 Rc8 31. Rxh7 Rxc3 32. Rf7 Rc1+ 33. Rf1 Rxf1+ 34. Kxf1 Kf4 35. Kf2 Kg4 36. Ke3 Kg5 37. Kf3 Kf5 38. g4+ Kg5 39. Kg3 Kg6 40. Kf4 Kf6 41. h4 Kg6 42. h5+ Kh6 43. Kf5 Kh7 44. g5 Kg7 45. h6+ Kh8 46. g6 Kg8 47. Kf6 Kh8 48. g7+ Kg8 49. h7+ Kxh7 50. Kf7 1-0

[Event "27th Klatovy B 2019"]
[Site "Klatovy CZE"]
[Date "2019.07.05"]
[Round "7.62"]
[White "Veverka, Max"]
[Black "Pozar, Pavel"]
[Result "0-1"]
[WhiteElo "1000"]
[BlackElo "1329"]
[PlyCount "40"]
[EventDate "2019.06.29"]
[EventType "swiss"]
[EventRounds "9"]
[EventCountry "CZE"]

1. e4 e5 2. Nf3 Nc6 3. Bc4 Nf6 4. Ng5 d5 5. exd5 Na5 6. Bb5+ Bd7 7. Be2 Nxd5 8. Nf3 Nf4 9. O-O e4 10. Nd4 Qg5 11. g3 Bc5 12. Nb3 Nxb3 13. axb3 Nh3+ 14. Kh1 Nxf2+ 15. Rxf2 Bxf2 16. Nc3 Qf5 17. d4 Rd8 18. Bf4 Bc6 19. Kg2 e3+ 20. Kf1 Qh3# 0-1

[Event "27th Klatovy B 2019"]
[Site "Klatovy CZE"]
[Date "2019.07.05"]
[Round "7.63"]
[White "Bukvaj, Jan"]
[Black "Martinek, Lukas"]
[Result "1/2-1/2"]
[WhiteElo "1158"]
[BlackElo "1301"]
[PlyCount "61"]
[EventDate "2019.06.29"]
[EventType "swiss"]
[EventRounds "9"]
[EventCountry "CZE"]

1. e4 e5 2. Nf3 Nc6 3. d4 exd4 4. Nxd4 Nf6 5. Nc3 Bb4 6. Nxc6 bxc6 7. Bd3 d5 8. Bd2 Bxc3 9. Bxc3 dxe4 10. Bxf6 Qxf6 11. Bxe4 O-O 12. O-O Rb8 13. b3 Bb7 14. Qh5 g6 15. Qf3 Qe6 16. Rfe1 Rfe8 17. Re3 Qe5 18. Rae1 Qd6 19. g3 Re6 20. Rd1 Qe7 21. Rdd3 f5 22. Bxc6 Bxc6 23. Qxc6 Rxc6 24. Rxe7 Rxc2 25. Rdd7 Rxa2 26. Rxc7 h5 27. Rxa7 Rxa7 28. Rxa7 Rxb3 29. Kg2 Rb2 30. Kf3 Rb4 31. Kg2 1/2-1/2

[Event "27th Klatovy B 2019"]
[Site "Klatovy CZE"]
[Date "2019.07.05"]
[Round "7.64"]
[White "Pasek, Josef"]
[Black "Berkovec, Jakub"]
[Result "1-0"]
[WhiteElo "1067"]
[BlackElo "1060"]
[PlyCount "53"]
[EventDate "2019.06.29"]
[EventType "swiss"]
[EventRounds "9"]
[EventCountry "CZE"]

1. d4 c5 2. d5 d6 3. c4 Nf6 4. Nc3 g6 5. e4 Bg7 6. Nf3 O-O 7. Be2 Nbd7 8. O-O Ng4 9. h3 Nge5 10. Nxe5 Nxe5 11. f4 Nd7 12. f5 a6 13. a4 Bd4+ 14. Kh1 Bg7 15. Qc2 Ne5 16. b3 Qc7 17. Bb2 Rb8 18. Na2 a5 19. Nc1 Bd7 20. Nd3 Nxd3 21. Bxg7 Nb4 22. Qb2 Rfe8 23. Bh8 f6 24. fxg6 hxg6 25. Bxf6 Rf8 26. Bh8 Rxf1+ 27. Rxf1 1-0

[Event "27th Klatovy B 2019"]
[Site "Klatovy CZE"]
[Date "2019.07.05"]
[Round "7.65"]
[White "Skrivan, Matej 2008"]
[Black "Nova, Anezka"]
[Result "1-0"]
[WhiteElo "1012"]
[BlackElo "1044"]
[PlyCount "51"]
[EventDate "2019.06.29"]
[EventType "swiss"]
[EventRounds "9"]
[EventCountry "CZE"]

1. e4 e5 2. Nf3 Nc6 3. Bc4 Bc5 4. Nc3 d6 5. d3 Bg4 6. Bg5 Bxf3 7. Qxf3 f6 8. Qh5+ g6 9. Qf3 Qd7 10. Nd5 Qg7 11. Nxf6+ Kd8 12. Nxg8+ Ne7 13. Bf6 Qf8 14. Bxe7+ Qxe7 15. Nxe7 Kxe7 16. Qf7+ Kd8 17. Qf6+ Kd7 18. Bb5+ c6 19. Qg7+ Ke6 20. Bc4+ d5 21. exd5+ cxd5 22. Bxd5+ Kxd5 23. Qd7+ Bd6 24. c4+ Kc5 25. Qb5+ Kd4 26. Qd5# 1-0

[Event "27th Klatovy B 2019"]
[Site "Klatovy CZE"]
[Date "2019.07.05"]
[Round "7.66"]
[White "Hala, Matej"]
[Black "Slechta, Adam"]
[Result "1-0"]
[WhiteElo "1014"]
[BlackElo "1000"]
[PlyCount "43"]
[EventDate "2019.06.29"]
[EventType "swiss"]
[EventRounds "9"]
[EventCountry "CZE"]

1. e4 e5 2. Nf3 Nc6 3. Bc4 Nf6 4. Nc3 Nxe4 5. O-O Bc5 6. d3 Nxc3 7. bxc3 O-O 8. d4 d5 9. Bb5 exd4 10. cxd4 Bb4 11. a3 Bc3 12. Rb1 Bg4 13. h3 Bxf3 14. Qxf3 Bxd4 15. Qg4 Qf6 16. Be3 Bb6 17. Bg5 Ne5 18. Qh4 Ng6 19. Qh5 Qc3 20. Bd3 Qxa3 21. Bf4 Nxf4 22. Qxh7# 1-0

[Event "27th Klatovy B 2019"]
[Site "Klatovy CZE"]
[Date "2019.07.05"]
[Round "7.67"]
[White "Souralova, Alena"]
[Black "Bican, Vojtech"]
[Result "0-1"]
[WhiteElo "1000"]
[BlackElo "1078"]
[PlyCount "124"]
[EventDate "2019.06.29"]
[EventType "swiss"]
[EventRounds "9"]
[EventCountry "CZE"]

1. e4 e5 2. Nf3 Nc6 3. Bc4 Nf6 4. Nc3 Bc5 5. d3 d6 6. Be3 Bxe3 7. fxe3 O-O 8. O-O Bg4 9. h3 Be6 10. Bb3 Qd7 11. Qd2 Bxb3 12. axb3 Rad8 13. d4 Rfe8 14. dxe5 dxe5 15. Qxd7 Rxd7 16. Rad1 Red8 17. Rxd7 Rxd7 18. Rd1 Rxd1+ 19. Nxd1 Nb4 20. Nc3 Nxc2 21. Nb5 Nxe4 22. Nxa7 Nxe3 23. Nxe5 Nd2 24. b4 Nec4 25. Nxc4 Nxc4 26. b3 Nd2 27. Nb5 c6 28. Nd4 Kf8 29. Kf2 Ke7 30. Ke3 Nf1+ 31. Kf2 Nd2 32. Ke2 Ne4 33. Ke3 Nd6 34. Kf4 Kf6 35. h4 h6 36. g4 g5+ 37. hxg5+ hxg5+ 38. Kf3 Ke5 39. Nc2 Ne4 40. Ke3 f5 41. gxf5 Kxf5 42. Kf3 Nd2+ 43. Kg3 Nxb3 44. Ne3+ Ke4 45. Nc4 b5 46. Nd6+ Kd5 47. Nf7 Kc4 48. Nxg5 Kxb4 49. Kf3 Kc3 50. Ke3 Nc5 51. Nf3 b4 52. Ne1 b3 53. Kf4 b2 54. Nf3 b1=Q 55. Ne5 Qe4+ 56. Kg3 Qxe5+ 57. Kg4 Qf6 58. Kh5 Qg7 59. Kh4 Kd3 60. Kh5 Ke4 61. Kh4 Kf4 62. Kh5 Qg5# 0-1

[Event "27th Klatovy B 2019"]
[Site "Klatovy CZE"]
[Date "2019.07.06"]
[Round "8.1"]
[White "Vanduyfhuys, Igor"]
[Black "Kastner, Jan"]
[Result "0-1"]
[WhiteElo "1803"]
[BlackElo "1919"]
[PlyCount "60"]
[EventDate "2019.06.29"]
[EventType "swiss"]
[EventRounds "9"]
[EventCountry "CZE"]

1. e4 d5 2. exd5 Qxd5 3. Nc3 Qa5 4. d4 Nf6 5. Nf3 Bf5 6. Bd3 Bxd3 7. Qxd3 c6 8. O-O Nbd7 9. Bf4 e6 10. Ne5 Rd8 11. Rfe1 Nxe5 12. Bxe5 Ng4 13. Bf4 Qh5 14. Ne4 Be7 15. Qf3 Qg6 16. Rad1 O-O 17. Nc5 Bxc5 18. dxc5 e5 19. Bg3 f6 20. Qb3+ Qf7 21. Qa4 Nh6 22. Rxd8 Rxd8 23. Qxa7 Nf5 24. Qa5 Qd5 25. Qb4 Qd2 26. Qb3+ Kf8 27. Rf1 Nd4 28. Qe3 Ne2+ 29. Kh1 Qd1 30. Rxd1 Rxd1# 0-1

[Event "27th Klatovy B 2019"]
[Site "Klatovy CZE"]
[Date "2019.07.06"]
[Round "8.2"]
[White "Stanik, Michal"]
[Black "Masek, Jan"]
[Result "0-1"]
[WhiteElo "1782"]
[BlackElo "1905"]
[PlyCount "70"]
[EventDate "2019.06.29"]
[EventType "swiss"]
[EventRounds "9"]
[EventCountry "CZE"]

1. e4 e5 2. Nf3 Nc6 3. Bc4 Bc5 4. b4 Bxb4 5. c3 Be7 6. d4 Na5 7. Bd3 d6 8. dxe5 dxe5 9. Nxe5 Nf6 10. O-O O-O 11. f4 Qd6 12. Qc2 g6 13. Nd2 Rd8 14. Rb1 Bf8 15. Ndc4 Nxc4 16. Bxc4 Be6 17. Bxe6 Qxe6 18. c4 b6 19. Bb2 Bc5+ 20. Kh1 Bd4 21. Rbe1 c5 22. Re2 Bxb2 23. Qxb2 Rd4 24. Rfe1 Rad8 25. Qb5 R8d6 26. h3 Nh5 27. Re3 Nxf4 28. Nf3 Rd1 29. e5 R6d3 30. Ng5 Rxe1+ 31. Rxe1 Qf5 32. Qe8+ Kg7 33. Ne4 Rxh3+ 34. Kg1 Qg4 35. g3 Rxg3+ 0-1

[Event "27th Klatovy B 2019"]
[Site "Klatovy CZE"]
[Date "2019.07.06"]
[Round "8.3"]
[White "Zidu, Jan"]
[Black "Bauer, Jan 2005"]
[Result "1/2-1/2"]
[WhiteElo "1852"]
[BlackElo "1721"]
[PlyCount "110"]
[EventDate "2019.06.29"]
[EventType "swiss"]
[EventRounds "9"]
[EventCountry "CZE"]

1. d4 d5 2. c4 e6 3. Nf3 c6 4. e3 Nf6 5. Nbd2 Nbd7 6. b3 Bd6 7. Bb2 O-O 8. Bd3 Re8 9. Ne5 Bb4 10. Nxd7 Nxd7 11. O-O Bxd2 12. Qxd2 b6 13. cxd5 cxd5 14. Rfc1 Bb7 15. Rc2 Rc8 16. Rac1 Nb8 17. Rxc8 Bxc8 18. Qc2 Ba6 19. Bxh7+ Kh8 20. Bd3 Re7 21. Bxa6 Nxa6 22. Qc8 Qxc8 23. Rxc8+ Kh7 24. Ba3 Rc7 25. Rxc7 Nxc7 26. Kf1 a6 27. Ke2 Nb5 28. Bb2 Na7 29. Kd3 Nc6 30. Bc3 Kg6 31. e4 Kg5 32. a3 b5 33. f3 g6 34. Bd2+ Kf6 35. e5+ Kg7 36. Bb4 Kh6 37. Bc5 Kg5 38. Bf8 Na5 39. Kc3 Nc6 40. a4 Kh5 41. axb5 axb5 42. Kd3 Na5 43. b4 Nc4 44. Ke2 g5 45. Kf2 Na3 46. Kg3 Nc2 47. Bc5 Ne1 48. Kh3 Kg6 49. Kg3 Kh5 50. Kf2 Nc2 51. g3 g4 52. fxg4+ Kxg4 53. h4 Na3 54. h5 Kxh5 55. Kf3 Kg6 1/2-1/2

[Event "27th Klatovy B 2019"]
[Site "Klatovy CZE"]
[Date "2019.07.06"]
[Round "8.4"]
[White "Flajsman, Petr"]
[Black "Soucek, Petr"]
[Result "0-1"]
[WhiteElo "1799"]
[BlackElo "1679"]
[PlyCount "80"]
[EventDate "2019.06.29"]
[EventType "swiss"]
[EventRounds "9"]
[EventCountry "CZE"]

1. d4 Nf6 2. c4 g6 3. d5 Bg7 4. Nc3 d6 5. e4 O-O 6. Be2 c6 7. Be3 a6 8. a4 e6 9. Bf3 Qc7 10. Nge2 exd5 11. cxd5 c5 12. O-O Nbd7 13. Ng3 b6 14. Be2 Rb8 15. f4 c4 16. Rf2 b5 17. axb5 axb5 18. Ra7 Qd8 19. Qd2 Re8 20. Rf1 h5 21. Bf3 h4 22. Nh1 b4 23. Na2 Nxe4 24. Bxe4 Rxe4 25. Nf2 Re7 26. Nxb4 Rxb4 27. Qxb4 Rxe3 28. Qxc4 Nb6 29. Qc6 Bd7 30. Qxd6 Bf8 31. Qc7 Qxc7 32. Rxc7 Bb5 33. Rd1 Nxd5 34. Rc8 Nxf4 35. Ng4 Re2 36. Rdd8 Rxg2+ 37. Kh1 Rxg4 38. Rxf8+ Kg7 39. Rg8+ Kf6 40. Rgd8 Nh3 0-1

[Event "27th Klatovy B 2019"]
[Site "Klatovy CZE"]
[Date "2019.07.06"]
[Round "8.5"]
[White "Boucek, Vlastimil 1968"]
[Black "Danek, Vaclav"]
[Result "1-0"]
[WhiteElo "1629"]
[BlackElo "1849"]
[PlyCount "67"]
[EventDate "2019.06.29"]
[EventType "swiss"]
[EventRounds "9"]
[EventCountry "CZE"]

1. e4 c6 2. d4 d5 3. e5 Bf5 4. Nf3 e6 5. Be2 Ne7 6. O-O Ng6 7. h3 Nh4 8. Be3 Be4 9. Nbd2 Bxf3 10. Nxf3 Nxf3+ 11. Bxf3 Be7 12. Be2 Nd7 13. f4 g6 14. b3 f5 15. c4 Nf8 16. c5 Kd7 17. b4 g5 18. Qd2 gxf4 19. Bxf4 Ng6 20. Be3 Rg8 21. b5 Nh4 22. bxc6+ bxc6 23. Rf2 Rb8 24. Kh2 Rb7 25. g3 Qb8 26. gxh4 Rb2 27. Qd1 Bxh4 28. Rf3 Qb5 29. Bd2 Qb8 30. Bc3 Rb7 31. Ba6 Rc7 32. Rb1 Qd8 33. Ba5 Qg5 34. Qf1 1-0

[Event "27th Klatovy B 2019"]
[Site "Klatovy CZE"]
[Date "2019.07.06"]
[Round "8.6"]
[White "Lener, Jaroslav 1975"]
[Black "Durchan, Milan 1961"]
[Result "1-0"]
[WhiteElo "1754"]
[BlackElo "1713"]
[PlyCount "85"]
[EventDate "2019.06.29"]
[EventType "swiss"]
[EventRounds "9"]
[EventCountry "CZE"]

1. Nf3 Nf6 2. c4 g6 3. Nc3 d5 4. cxd5 Nxd5 5. Qa4+ Bd7 6. Qb3 Bc6 7. Ne5 Qd6 8. Nxf7 Kxf7 9. e4 e6 10. exd5 exd5 11. d4 Bg7 12. Be3 Re8 13. Be2 Nd7 14. O-O Nf6 15. Bf3 Rad8 16. Bg5 Kg8 17. Rfe1 h6 18. Bxf6 Bxf6 19. Ne4 Qe6 20. Nxf6+ Qxf6 21. Rxe8+ Bxe8 22. Bxd5+ Bf7 23. Bxf7+ Qxf7 24. Qxb7 Rxd4 25. Qxa7 Qd7 26. Qb8+ Kg7 27. Qb3 c5 28. Qc3 Kh7 29. Re1 Qd6 30. g3 h5 31. Qe3 Rd1 32. a4 Rxe1+ 33. Qxe1 Qd4 34. Qe7+ Kh8 35. Qf8+ Kh7 36. Qf7+ Kh8 37. Qxg6 Qd1+ 38. Kg2 Qd5+ 39. f3 Qd2+ 40. Kh3 Qd7+ 41. g4 hxg4+ 42. fxg4 Qd5 43. Qh5+ 1-0

[Event "27th Klatovy B 2019"]
[Site "Klatovy CZE"]
[Date "2019.07.06"]
[Round "8.7"]
[White "Zelba, Lukas"]
[Black "Blazek, Pavel 1974"]
[Result "0-1"]
[WhiteElo "1274"]
[BlackElo "1745"]
[PlyCount "72"]
[EventDate "2019.06.29"]
[EventType "swiss"]
[EventRounds "9"]
[EventCountry "CZE"]

1. d4 d5 2. Bf4 Nf6 3. e3 Bg4 4. Nf3 e6 5. Bd3 c6 6. c3 Qb6 7. Qb3 Bxf3 8. gxf3 Qxb3 9. axb3 Nbd7 10. Nd2 c5 11. dxc5 Bxc5 12. h4 h5 13. b4 Be7 14. Bg3 O-O 15. O-O a6 16. Nb3 Rfc8 17. Ra2 e5 18. Rfa1 e4 19. Be2 exf3 20. Bxf3 Ne4 21. Bxh5 Nxg3 22. fxg3 Bd6 23. Kg2 Re8 24. Re1 Re5 25. Bf3 Rae8 26. Nd4 Bc7 27. Nc2 Bb6 28. Kf2 Rf5 29. g4 Rf6 30. Kg3 Re5 31. Raa1 Rfe6 32. Re2 Nf6 33. Rae1 Ne4+ 34. Bxe4 Rxe4 35. Kf3 Rf6+ 36. Kg3 Bc7+ 0-1

[Event "27th Klatovy B 2019"]
[Site "Klatovy CZE"]
[Date "2019.07.06"]
[Round "8.8"]
[White "Macho, Miloslav"]
[Black "Soucek, Jan"]
[Result "1-0"]
[WhiteElo "1745"]
[BlackElo "1543"]
[PlyCount "65"]
[EventDate "2019.06.29"]
[EventType "swiss"]
[EventRounds "9"]
[EventCountry "CZE"]

1. e4 e5 2. Nf3 Nc6 3. Nc3 Nf6 4. g3 Bb4 5. Nd5 Bc5 6. d3 d6 7. Bg5 Be6 8. Bg2 Bxd5 9. exd5 Ne7 10. Bxf6 gxf6 11. Nd2 f5 12. c3 a5 13. a3 O-O 14. Nb3 Bb6 15. Nd2 Kh8 16. Nc4 Ba7 17. Qd2 Rg8 18. d4 e4 19. f3 Nxd5 20. fxe4 fxe4 21. O-O-O f5 22. Rhf1 Rf8 23. Rde1 b5 24. Nxa5 Bb6 25. Nc6 Qd7 26. Nb4 Nxb4 27. axb4 Qe6 28. Kc2 d5 29. Bh3 Qg6 30. Qf4 Qc6 31. Qe5+ Kg8 32. Rxf5 Rxf5 33. Qxf5 1-0

[Event "27th Klatovy B 2019"]
[Site "Klatovy CZE"]
[Date "2019.07.06"]
[Round "8.9"]
[White "Zak, Jiri1"]
[Black "Sedlak, Jakub"]
[Result "1/2-1/2"]
[WhiteElo "1717"]
[BlackElo "1737"]
[PlyCount "55"]
[EventDate "2019.06.29"]
[EventType "swiss"]
[EventRounds "9"]
[EventCountry "CZE"]

1. d4 Nf6 2. c4 e6 3. Nc3 Bb4 4. e3 Bxc3+ 5. bxc3 c5 6. g3 O-O 7. Bg2 d6 8. Qc2 Nc6 9. Nf3 Na5 10. Nd2 Rb8 11. Rb1 b6 12. O-O Ba6 13. Re1 Nxc4 14. e4 Nxd2 15. Bxd2 e5 16. d5 Bc4 17. f4 Nd7 18. Bh3 b5 19. a4 a6 20. axb5 axb5 21. Ra1 Nb6 22. fxe5 dxe5 23. Ra7 Ra8 24. Rea1 Rxa7 25. Rxa7 Qb8 26. Ra1 Qc7 27. Be3 Na4 28. Bf2 1/2-1/2

[Event "27th Klatovy B 2019"]
[Site "Klatovy CZE"]
[Date "2019.07.06"]
[Round "8.10"]
[White "Vaclavik, Jan"]
[Black "Pecka, Jan"]
[Result "1/2-1/2"]
[WhiteElo "1733"]
[BlackElo "1537"]
[PlyCount "93"]
[EventDate "2019.06.29"]
[EventType "swiss"]
[EventRounds "9"]
[EventCountry "CZE"]

1. e4 c5 2. Nf3 d6 3. d4 cxd4 4. Nxd4 Nf6 5. Nc3 g6 6. Be3 Bg7 7. f3 O-O 8. Qd2 Nc6 9. Bc4 Bd7 10. h4 Nxd4 11. Bxd4 Qc7 12. Bb3 b5 13. h5 e6 14. hxg6 hxg6 15. g4 a5 16. a4 Rfb8 17. axb5 Bxb5 18. Qg5 e5 19. Be3 Bc4 20. Qh4 Kf8 21. Bh6 Bxh6 22. Qxh6+ Ke7 23. Qg5 Bxb3 24. cxb3 Ke6 25. Qxf6+ Kxf6 26. Nd5+ Kg5 27. Nxc7 Ra7 28. Nd5 Rxb3 29. Kf2 Rxb2+ 30. Kg3 Rd2 31. Rh8 a4 32. Ra3 f5 33. gxf5 gxf5 34. Rg8+ Kh6 35. Ra1 f4+ 36. Kh3 Rf2 37. Rag1 Rxf3+ 38. Kh4 Rg3 39. R8xg3 fxg3 40. Ne3 a3 41. Ng4+ Kg6 42. Kxg3 a2 43. Ra1 Kg5 44. Ne3 Ra3 45. Kf3 Kf6 46. Kf2 Ra4 47. Kf3 1/2-1/2

[Event "27th Klatovy B 2019"]
[Site "Klatovy CZE"]
[Date "2019.07.06"]
[Round "8.11"]
[White "Kaspar, Lukas"]
[Black "Day, Timothy"]
[Result "1/2-1/2"]
[WhiteElo "1886"]
[BlackElo "1527"]
[PlyCount "53"]
[EventDate "2019.06.29"]
[EventType "swiss"]
[EventRounds "9"]
[EventCountry "CZE"]

1. e4 e5 2. Nf3 Nc6 3. Bb5 Nf6 4. O-O Nxe4 5. Re1 Nd6 6. Bxc6 dxc6 7. Nxe5 Be7 8. d3 O-O 9. Nc3 Nf5 10. Ne4 Be6 11. Bd2 c5 12. b3 Bd5 13. Qg4 Bxe4 14. Qxe4 Nd4 15. Rac1 Bd6 16. Nf3 Qd7 17. Nxd4 cxd4 18. Qxb7 Rab8 19. Qf3 Rb5 20. a4 Rb6 21. g3 Ba3 22. Ra1 Rf6 23. Qh5 Bd6 24. Qd5 Rxf2 25. Bf4 Rxc2 26. Rac1 Rxc1 27. Rxc1 1/2-1/2

[Event "27th Klatovy B 2019"]
[Site "Klatovy CZE"]
[Date "2019.07.06"]
[Round "8.12"]
[White "Jirasek, Jiri"]
[Black "Sova, Zdenek"]
[Result "1-0"]
[WhiteElo "1908"]
[BlackElo "1687"]
[PlyCount "47"]
[EventDate "2019.06.29"]
[EventType "swiss"]
[EventRounds "9"]
[EventCountry "CZE"]

1. d4 Nf6 2. c4 e6 3. Nf3 b6 4. Nc3 Bb7 5. e3 Ne4 6. Qc2 Nxc3 7. bxc3 Be7 8. Bd3 g6 9. e4 O-O 10. h4 f5 11. Bh6 Re8 12. O-O-O d6 13. Ng5 Bf8 14. Bxf8 Kxf8 15. Nxh7+ Kg7 16. Ng5 Re7 17. h5 Re8 18. f4 Qf6 19. hxg6 Kxg6 20. Rh7 Nc6 21. Rdh1 Qf8 22. exf5+ exf5 23. Bxf5+ Kf6 24. R1h6+ 1-0

[Event "27th Klatovy B 2019"]
[Site "Klatovy CZE"]
[Date "2019.07.06"]
[Round "8.13"]
[White "Vachal, Josef1"]
[Black "Vavrousek, Petr"]
[Result "1-0"]
[WhiteElo "1827"]
[BlackElo "1686"]
[PlyCount "53"]
[EventDate "2019.06.29"]
[EventType "swiss"]
[EventRounds "9"]
[EventCountry "CZE"]

1. d4 d5 2. e3 Nf6 3. Bd3 e6 4. Nd2 Nbd7 5. f4 c5 6. c3 c4 7. Bc2 b5 8. Ngf3 Be7 9. O-O Bb7 10. Qe2 O-O 11. Ne5 Ne4 12. Rf3 f5 13. Rh3 Ndf6 14. g4 fxg4 15. Nxg4 Nxg4 16. Qxg4 Rf6 17. Qf3 Rg6+ 18. Kh1 e5 19. Nxe4 dxe4 20. Bxe4 Bxe4 21. Qxe4 exf4 22. exf4 Qc8 23. f5 Qc6 24. d5 Qf6 25. Be3 Rg5 26. Bxg5 Qxg5 27. d6 1-0

[Event "27th Klatovy B 2019"]
[Site "Klatovy CZE"]
[Date "2019.07.06"]
[Round "8.14"]
[White "Benes, Jachym"]
[Black "Simacek, Vaclav"]
[Result "0-1"]
[WhiteElo "1653"]
[BlackElo "1809"]
[PlyCount "156"]
[EventDate "2019.06.29"]
[EventType "swiss"]
[EventRounds "9"]
[EventCountry "CZE"]

1. e4 Nc6 2. d4 d5 3. e5 Bf5 4. Nf3 Qd7 5. Bf4 f6 6. h4 Nb4 7. Na3 a6 8. c3 Nc6 9. Bd3 g6 10. O-O Bxd3 11. Qxd3 Qg4 12. Qe3 O-O-O 13. b4 e6 14. exf6 Nxf6 15. b5 Nh5 16. Bg5 Bxa3 17. bxc6 Rdf8 18. Ne5 Qe4 19. cxb7+ Kxb7 20. Rab1+ Kc8 21. Qxe4 dxe4 22. Rfe1 Nf4 23. Rxe4 Nd5 24. Rb3 Bd6 25. Nd3 h6 26. Bc1 Kd7 27. c4 Nf6 28. Re2 Ng4 29. c5 Bh2+ 30. Kh1 g5 31. c6+ Kxc6 32. Rxe6+ Kd5 33. Rxa6 Bd6 34. Ra5+ Kc6 35. f3 Bg3 36. Bb2 Rh7 37. hxg5 hxg5+ 38. Kg1 Re8 39. fxg4 Re2 40. Ne5+ Bxe5 41. Rxe5 Rd2 42. Rxg5 Re7 43. Re5 Rf7 44. Rc5+ Kd7 45. Rb7 Kc8 46. Bc1 Rd1+ 47. Kh2 Kxb7 48. g5 Rh7+ 49. Kg3 Rd3+ 50. Kf4 Rxd4+ 51. Kf5 Rf7+ 52. Ke6 Rf2 53. Be3 Rd6+ 54. Ke7 Re2 55. Rc3 Rxa2 56. Bf4 Re2+ 57. Kf7 Rd7+ 58. Kf6 Rxg2 59. g6 Rf2 60. Kg5 Rd5+ 61. Kg4 Rd7 62. Kg5 Rg2+ 63. Kf6 Rf2 64. Kg5 c6 65. Rb3+ Ka6 66. Rc3 Rd5+ 67. Kg4 Kb5 68. g7 Rd8 69. Bg3 Rf7 70. Be5 Rg8 71. Kg5 Rfxg7+ 72. Bxg7 Rxg7+ 73. Kf6 Rd7 74. Ke5 c5 75. Rc2 c4 76. Rh2 Kb4 77. Rh4 Kb3 78. Rh1 Kc2 0-1

[Event "27th Klatovy B 2019"]
[Site "Klatovy CZE"]
[Date "2019.07.06"]
[Round "8.15"]
[White "Rezac, Jindrich"]
[Black "Privoznik, Lubos"]
[Result "1-0"]
[WhiteElo "1787"]
[BlackElo "1610"]
[PlyCount "57"]
[EventDate "2019.06.29"]
[EventType "swiss"]
[EventRounds "9"]
[EventCountry "CZE"]

1. d4 Nf6 2. c4 g6 3. Nc3 Bg7 4. e4 d6 5. f4 O-O 6. Nf3 c5 7. d5 Na6 8. h3 Nc7 9. Bd3 e6 10. O-O exd5 11. exd5 Nh5 12. g4 Nf6 13. f5 b5 14. Nxb5 Nxb5 15. cxb5 Bb7 16. Bc4 Qd7 17. Qd3 Rae8 18. Bf4 Re4 19. Bg5 Rfe8 20. Rae1 gxf5 21. gxf5 Qxf5 22. Bxf6 Bxf6 23. Rxe4 Rxe4 24. Nd2 Bd4+ 25. Kh1 Bxd5 26. Bxd5 Qxd5 27. Qxe4 Qxe4+ 28. Nxe4 d5 29. Nf6+ 1-0

[Event "27th Klatovy B 2019"]
[Site "Klatovy CZE"]
[Date "2019.07.06"]
[Round "8.16"]
[White "Martinkova, Magdalena"]
[Black "Kovar, Vaclav 1953"]
[Result "1-0"]
[WhiteElo "1359"]
[BlackElo "1646"]
[PlyCount "65"]
[EventDate "2019.06.29"]
[EventType "swiss"]
[EventRounds "9"]
[EventCountry "CZE"]

1. e4 e5 2. Nc3 Nf6 3. f4 d6 4. Nf3 Be7 5. Bc4 O-O 6. d3 Nc6 7. f5 a6 8. O-O Na5 9. Qe1 Nxc4 10. dxc4 c6 11. Qg3 Re8 12. Bh6 Bf8 13. Rad1 Kh8 14. Bg5 Qb6+ 15. Kh1 Qxb2 16. Nh4 Nh5 17. Qf3 Nf6 18. Rb1 Qa3 19. Rb3 Qa5 20. Be3 Qc7 21. g4 h6 22. g5 hxg5 23. Bxg5 Nh7 24. Qh5 Kg8 25. f6 Be6 26. fxg7 Be7 27. Bxe7 Qxe7 28. Nf5 Bxf5 29. exf5 f6 30. Ne4 b5 31. Rh3 Ng5 32. Nxg5 fxg5 33. Qh7+ 1-0

[Event "27th Klatovy B 2019"]
[Site "Klatovy CZE"]
[Date "2019.07.06"]
[Round "8.17"]
[White "Kalab, Jaromir"]
[Black "Schille, Hannes"]
[Result "1-0"]
[WhiteElo "1577"]
[BlackElo "1740"]
[PlyCount "49"]
[EventDate "2019.06.29"]
[EventType "swiss"]
[EventRounds "9"]
[EventCountry "CZE"]

1. e4 c5 2. a3 Nc6 3. b4 cxb4 4. axb4 Nf6 5. b5 Nb8 6. e5 Nd5 7. c4 Nb6 8. c5 Nd5 9. Bc4 Nf4 10. Qf3 Ne6 11. d4 d6 12. Ne2 dxe5 13. dxe5 Qc7 14. Be3 Qxe5 15. Nbc3 Nd7 16. c6 bxc6 17. Qxc6 Rb8 18. Bxe6 Qxe6 19. Bxa7 Bb7 20. Qxe6 fxe6 21. Bxb8 Nxb8 22. O-O Kf7 23. Ra7 Bd5 24. Nxd5 exd5 25. Rb7 1-0

[Event "27th Klatovy B 2019"]
[Site "Klatovy CZE"]
[Date "2019.07.06"]
[Round "8.18"]
[White "Sefrna, Frantisek"]
[Black "Vilimek, Vit"]
[Result "0-1"]
[WhiteElo "1700"]
[BlackElo "1529"]
[PlyCount "70"]
[EventDate "2019.06.29"]
[EventType "swiss"]
[EventRounds "9"]
[EventCountry "CZE"]

1. e4 c5 2. Nc3 Nc6 3. g3 g6 4. Bg2 Bg7 5. d3 d6 6. h3 e5 7. Nf3 Nge7 8. O-O O-O 9. Be3 Rb8 10. Qd2 b5 11. Kh2 b4 12. Ne2 Ba6 13. Nh4 Qa5 14. b3 f5 15. Bh6 Bxh6 16. Qxh6 Nd8 17. Qg5 Qc7 18. exf5 Nxf5 19. Bd5+ Kh8 20. Nxf5 Rxf5 21. Qe3 Nc6 22. g4 Rf6 23. f4 Rbf8 24. f5 Ne7 25. Be6 gxf5 26. gxf5 Nxf5 27. Bxf5 Rxf5 28. Rxf5 Rxf5 29. Ng3 Rf8 30. Ne4 Bb7 31. a3 d5 32. Nxc5 d4 33. Ne6 dxe3 34. Nxc7 Rf2+ 35. Kg1 Rg2+ 0-1

[Event "27th Klatovy B 2019"]
[Site "Klatovy CZE"]
[Date "2019.07.06"]
[Round "8.19"]
[White "Vavrinkova, Anna"]
[Black "Novotny, Jaromir"]
[Result "1/2-1/2"]
[WhiteElo "1550"]
[BlackElo "1796"]
[PlyCount "92"]
[EventDate "2019.06.29"]
[EventType "swiss"]
[EventRounds "9"]
[EventCountry "CZE"]

1. e4 c5 2. c3 Nc6 3. d4 cxd4 4. cxd4 d5 5. e5 Qb6 6. Ne2 Bg4 7. Nbc3 e6 8. f3 Bf5 9. a3 f6 10. g4 Bg6 11. f4 fxe5 12. fxe5 Be7 13. h4 O-O-O 14. g5 Bh5 15. Bh3 Kb8 16. Bxe6 Nxe5 17. Bf4 Qxe6 18. Bxe5+ Bd6 19. Bxd6+ Qxd6 20. Qd2 Ne7 21. Nb5 Qd7 22. Qf4+ Ka8 23. Nc7+ Kb8 24. Ne6+ Qd6 25. Nxd8 Rxd8 26. Qxd6+ Rxd6 27. Nf4 Bf3 28. Rf1 Be4 29. Rc1 Nc6 30. Nh5 g6 31. Nf6 Bf5 32. Nxh7 Nxd4 33. Rf2 Re6+ 34. Kf1 Bd3+ 35. Kg2 Nf5 36. Kh2 Re4 37. Nf6 Rxh4+ 38. Kg1 a6 39. Rg2 Be4 40. Nxe4 dxe4 41. Re1 e3 42. Kf1 Rf4+ 43. Ke2 Re4 44. Kf3 Re6 45. Kf4 b5 46. Rge2 Kc7 1/2-1/2